Movies Quiz

Random Movies or Actress Quiz

Actresses by 3 Top Movies Quiz Stats

Quiz Updated Apr 15, 2017

Challenge
Share
Tweet
Embed
Score 0/30 Timer 06:00
0 Plays Today
% Correct
Kate Winslet
91.9%
Sandra Bullock
91.3%
Julie Andrews
87.5%
Jodie Foster
87%
Carrie Fisher
86.5%
Emma Stone
85.2%
Judy Garland
84.7%
Jennifer Lawrence
84.2%
Natalie Portman
79.7%
Gwyneth Paltrow
79.3%
Zoe Saldana
79.1%
Charlize Theron
78.8%
Scarlett Johansson
78%
Rachel McAdams
76.9%
Meryl Streep
75.9%
% Correct
Anne Hathaway
74.2%
Judi Dench
73.8%
Audrey Hepburn
70.8%
Amy Adams
66.6%
Emily Blunt
64.7%
Ingrid Bergman
64.5%
Carrie-Anne Moss
64%
Vivien Leigh
61.8%
Jessica Chastain
56.8%
Bette Davis
56.8%
Elizabeth Taylor
54.5%
Grace Kelly
54.3%
Katharine Hepburn
50%
Olivia de Havilland
37.3%
Jean Arthur
35.8%

You're not logged in!

Compare scores with friends on all Sporcle quizzes.
Join for Free
OR
Log In

You Might Also Like...

Show Comments

Extras

Top Quizzes Today


Score Distribution

Your Account Isn't Verified!

In order to create a playlist on Sporcle, you need to verify the email address you used during registration. Go to your Sporcle Settings to finish the process.

Report this User

Report this user for behavior that violates our Community Guidelines.

Details: